Marketingová stratégia vybraného startupu bakalárska práca

Enregistré dans:
Détails bibliographiques
Auteur principal: Jurkasová, Martina
Collectivité auteur: Obchodná fakulta EU. Katedra marketingu
Autres auteurs: Chomová, Katarína, 1983-
Format: Livre
Langue:slovaque
Publié: Bratislava 2016
Tags: Ajouter un tag
Pas de tags, Soyez le premier à ajouter un tag!

MARC

LEADER 00000nbm a2200000 4500
001 0218789
005 20170120153926.1
041 0 |a slo 
044 |a SK 
245 1 0 |a Marketingová stratégia vybraného startupu  |b bakalárska práca  |c Martina Jurkasová ; školiteľ: Katarína Chomová 
264 1 |a Bratislava  |c 2016 
300 |a 49 s. 
100 1 |a Jurkasová, Martina 
700 1 |a Chomová, Katarína, 1983- 
710 2 |a Obchodná fakulta EU. Katedra marketingu